000 00906nam a2200277Ia 4500
003 AR-RoIUNI
005 20241122062626.0
008 150616s9999 xx 000 0 und d
020 _a950971495X
040 _cIUNIR
040 _dOCLC
_cIUNIR
080 _a615.035 CAR
100 1 _aCaro, Patricia M.
_9392
245 1 _aDrogas de abuso
245 _bGuía teórico-práctica para su estudio
250 _a1a. ed.
260 _aBuenos Aires
260 _bLa Rocca
260 _c2005
300 _a144 p.
300 _c23 cm.
500 _aSubtítulo: Drogas prohibidas; de venta controlada (psicotrópicos); de venta libre; naturales (plantas alucinógenas). Investigación de principios activos de "Datura arbórea" (Floripón). Teorías que propician la desincriminación del tráfico de drogas. Extra
650 1 0 _aMedicina
_958
650 1 0 _9391
_aDrogas de abuso
942 _cBK
_2cdu
999 _c1845
_d1845